000 00601nam a2200193 a 4500
001 755
003 CO-ViMGA
008 141112s2004 ck r 000 u spa d
040 _aCO-ViMGA
_bspa
_cCO-ViMGA
082 0 4 _a611.013 C175
100 1 _aCarles, Jules
245 1 0 _aLa fecundación
260 _aBarcelona :
_bOikos - tau,
_c1973
300 _a122 p
490 _aQue se?, 97
505 _aEl origen de los gametos 27 - - La formación de los gametos 27 - - El encuentro de los gametos 47 - - La hibridación 91 - - La partenogenesis 103
650 1 4 _aFECUNDACION
_948632
942 _2ddc
_cBK
999 _c12992
_d12992